00411nam a2200169Ia 4500003000400000005001700004008004100021020001800062040000700080041000800087082002000095100001800115245003300133260004800166300001400214365001300228OSt20230425090950.0210423s2012 xx 000 0 und d a9781107668928 cAL aeng a822.33 SMIE223 aSMITH (Emma). aCambridge shakespeare guide. aNew DelhibCambridge University Pressc2012 ax,247bPB b295cINR